000 00651nam a2200229 i 4500
001 bg
100 1 _aLISAK, Marcin
245 1 0 _aElementy etyki w zawodzie architekta /
_cMarcin Lisak.
260 _aPoznań :
_bWydawnictwo Politechniki Poznańskiej,
_ccop. 2006.
300 _a93 s. :
_bil. ;
_c24 cm.
504 _aBibliogr. s. 92-93.
650 9 _aArchitekci
_xetyka
655 _aMateriały pomocnicze dla szkół wyższych
015 _aPB 21198/2006
020 _a8371432070
040 _cBPK
041 _apol
080 _a72.071:174](075.8)
920 _a83-7143-207-0
942 _cKS
008 s pl f |000 0 pol
999 _c52547
_d52547
856 _uhttp://koha.tu.koszalin.pl/cgi-bin/koha/opac-detail.pl?biblionumber=52547
_yKatalog online BPK